Deceptively Difficult General Knowledge - Statistics

General Stats
  • This quiz has been taken 3,252 times
  • The average score is 10 of 31
Answer Stats
Question Answer % Correct
What meat is used in hamburgers? Beef
90%
From what material are toy marbles made? Glass
78%
How many items are in a baker's dozen? 13
71%
What colour is an aeroplane's black box? Orange
60%
From what continent does the Jerusalem artichoke come? North America
58%
From what metal is tin foil typically made? Aluminium
56%
In what state do the New York Giants play their home games? New Jersey
55%
How many members were in the band Thompson Twins? 3
49%
From which country do the Pennsylvania Dutch originate? Germany
48%
On what part of its body is the red-bellied woodpecker predominantly red? Head
48%
How long, in years, was the Hundred Years' War? 116
38%
From what country do French fries come? Belgium
38%
What colour are the petals of orange blossom? White
37%
What animal is Bugs Bunny? Hare
34%
What variety of alcohol is barley wine? Beer
31%
From which country do French horns come? Germany
28%
What sort of animal is a prairie dog? Rodent
25%
What is put on bread to make Welsh Rabbit (or Rarebit)? Cheese
24%
The name of the Portuguese man o' war jellyfish references a ship built in which country? UK
23%
What country do Panama hats come from? Ecuador
19%
What is the main ingredient of a mince pie? Dried fruit
16%
Which country is the largest exporter, as of 2016, of Chinese gooseberries? New Zealand
14%
What type of building is a picture palace? Cinema
13%
What is the principal ingredient of Bombay duck? Fish
9%
From what mineral is an Alaskan diamond made? Quartz
9%
The meat of what animal is used in mock turtle soup? Cow
7%
What type of food is laverbread? Seaweed
6%
What is the main fruit ingredient of a Jaffa Cake? Apricot
2%
Which English village does Stilton cheese come from? Melton Mowbray
2%
What animal's hair is used to make camel-hair brushes? Squirrel
2%
What two ingredients make up Grape-Nuts? Wheat and barley
2%
No matching quizzes found
Score Distribution
Percent of People with Each Score
Percentile by Number Answered
Your Score History
You have not taken this quiz